Alberts youtube channels - Statistics

General Stats
  • This quiz has been taken 6 times
  • The average score is 5 of 8
Answer Stats
Picture Answer % Correct
albert
100%
AlbertsStuff
100%
Flamingo
100%
luisgamercool 23
83%
Albert Games
33%
Frost clan reporter
33%
Roblox skate magazine
33%
Brand account
0%
No matching quizzes found
Score Distribution
Percent of People with Each Score
Percentile by Number Answered
Your Score History
You have not taken this quiz